Statistiques concernant Isabelle Huppert nominations césars

Cliquez ici pour prendre le quiz!

Statistiques générales

  • Ce quiz a été pris 112 fois
    (110 depuis la dernière actualisation)
  • Le résultat moyen est 6 sur 15

Statistiques - réponses

HintRéponse% Correct
1979violette noziere
75%
1996la cérémonie
68%
2002la pianiste
66%
1978la dentellière
55%
1982coup de torchon
52%
1989une affaire de femmes
48%
2013amour
36%
20038 femmes
34%
1981loulou
34%
2006gabrielle
30%
2001saint cyr
27%
2016valley of love
23%
1995la séparation
20%
1976aloise
16%
1999l'école de la chair
11%

Distribution des résultats

Percentile par nombre de réponses

% des personnes avec chaque résultat

Votre développement - résultats

Vous n’avez pas pris ce quiz depuis la dernière actualisation